00410nam a2200145 a 4500008004100000020001500041050001700056100002400073245007600097260002800173300002200201350000900223650002100232650001100253120416s2005 ||||||||||||||||| || u a0849323533 aQK 711.2 Pla aTurnbull, Colin G.N10aPlant architecture and its manipulationcedited by Colin G. N. Turnbull aOxfordbBlackwellc2005 axii, 322p. : ill. a0.00 aPLANT PHYSIOLOGY aPLANTS